00917nam a2200253 i 4500001000700000003000900007005001700016007000300033008004100036020001800077080001700095100003100112245005700143260005900200300001900259490004300278500004300321500003700364650003700401830005100438852003300489999001900522952012200541141058ES-MaACL20230906200219.0t|070919s1993 fr ||||1| fre d a2-253-06362-2 a82-1.08(038)1 aAquien, Michèle.914115910aDictionnaire de poétique / cpar Michèle aquien. aParis : bLibrairie Générale Française, c[1993] a344 ; c18 cm.1 aLe Livre de poche. Les usuels de poche aBiblioteca Jacinto Martínez Lacalle. aBibliografía: 327-333. Indice.14aPoética-vDiccionarios.9162550 aLe Livre de poche. Les usuels de poche9220379 aES-MaACLjE-12160 bR.140037 c141058d141058 00104070aATENEOMbATENEOMcDEPO2d2008-01-17eSCl0oE-12160p1146776r2023-02-23 00:00:00w2023-02-23yMONOGRAFIA